| 000 | 00841nam a2200265 i 4500 | ||
|---|---|---|---|
| 001 | 000015475 | ||
| 003 | DO-SdBNP | ||
| 005 | 20240723154736.0 | ||
| 007 | ta | ||
| 008 | 100210t2003 dr 001 0dspa d | ||
| 020 | _a9993420336 | ||
| 040 |
_aDO-SdBNP _bspa _cBNPHU _erda |
||
| 082 | 4 |
_a923.77295 _bH831C _222 |
|
| 100 | 1 |
_aCastro Ventura, Santiago, _d1949 - _9775 _eautor |
|
| 245 | 1 | 0 |
_aHostos en el perimetro dominicano / _cSantiago Castro Ventura |
| 264 |
_aSanto Domingo : _bManatí, _c2012. |
||
| 300 |
_a237 páginas ; _c23 cm. |
||
| 336 |
_2rdacontent _atexto _btxt |
||
| 337 |
_2rdamedia _asin mediación _bn |
||
| 338 |
_2rdacarrier _avolumen _bnc |
||
| 500 | _aIncluye datos biográficos del autor en la contracubierta. | ||
| 504 | _aBibliografía : páginas 231-237. | ||
| 590 | _aInventariado, 2020/VM | ||
| 942 |
_2ddc _cLBS1 |
||
| 999 |
_c15031 _d15031 |
||